Statistics for NBA Players Named Kevin

Click here to take the quiz!

General Stats

  • This quiz has been taken 14 times
  • The average score is 5 of 13

Answer Stats

Teams They Played For Years Played Answer % Correct
SuperSonics, Thunder, Warriors2007-PresentKevin Durant
100%
TimberWolves, Cavaliers2008-PresentKevin Love
92%
TimberWolves, Celtics, Nets1995-2016Kevin Garnett
85%
Cetlics1980-1993Kevin McHale
62%
Cavaliers, Suns1987-2000Kevin Johnson
62%
Hawks, Heat, Warriors, Rockets, Raptors, Nuggets, Spurs, Mavericks1984-2007Kevin Willis
31%
Kings, Rockets, Thunder, TimberWovles, Spurs2004-2016Kevin Martin
31%
TrailBlazers, Celtics, Heat, Kings1987-1997Kevin Gamble
15%
Heat, Nets, Magic, Grizzlies1988-2001Kevin Edwards
8%
Spurs, TrailBlazers, Bullets, Bucks, Clippers1986-1997Kevin Duckworth
8%
Warriors, Celtics, 76ers, Heat1990-1996Kevin Pritchard
0%
Bullets, Bucks1975-1985Kevin Grevey
0%
Pistons, Bullets, Sixers1962-1973Kevin Loughert
0%

Score Distribution

Percentile by Number Answered

Percent of People with Each Score

Your Score History

You have not taken this quiz